LEADER 00931nam a2200253 i 4500 001 000000097061 003 CaOOAMICUS 005 20060522000000.0 008 060522s1985 fr u000 u fre u 013 $a69303 040 $aSeMil$bita 100 1 $aSoljénitsyne, Alexandre.$0(OLS)http://semarc/name/36621 245 13$aLa Roue rouge :$brécit en segments de durée /$cAlexandre Soljénitsyne. 260 $aSeuil :$bFayard,$ccopyr. 1985. 300 $a1083 p. ;$c24 cm. 490 0 $aNovembre ;$v16 500 $aFondo Ciprandi. 830 0$aNovembre ;$v16.$0(OLS)http://semarc/title/20866 850 $aSeMil 852 $aSeMil$W1$xVenegono$y1$m1W IV 249$j56289$B56289$CSeMilBibl$Z2$F64662 $81 941 1 $a1 961 $aOmaggio: Ciprandi dott. Paolo 996 $6245$aLa Roue rouge :$brécit en segments de durée$9(OLS)http://semarc/title/119670 996 $6260$aSeuil :$bFayard$9(OLS)http://semarc/publisher/34238 LEADER 01414nam a2200277 i 4500 001 000000255040 003 CaOOAMICUS 005 20170720000000.0 008 170720s2017 it u000 u spa u 013 $a233945 020 $a978-88-7839-364-6 040 $aSeMil$bita 100 1 $aZubia, Marcelo Raúl <1970- >.$0(OLS)http://semarc/name/94412 245 10$a«Con la diestra en la espalda» :$bestudio sobre las imágenes de Dios y su actuar en Lamentaciones /$cMarcelo Raúl Zubia. 260 $aRoma :$bGBP, Gregorian & Biblical Press,$c2017. 300 $a234 p. ;$c24 cm. 490 0 $aTesi Gregoriana. Serie Teologia ;$v231 650 4$aBibbia. Antico Testamento. Lamentazioni - Commentari, studi, critica, interpretazioni.$0(OLS)http://semarc/subject/13557 650 4$aDio - Immagini.$0(OLS)http://semarc/subject/10258 830 0$aTesi Gregoriana. Serie Teologia ;$v231.$0(OLS)http://semarc/title/351 850 $aSeMil 852 $aSeMil$W1$xVenegono$y1$m2M VI 331$j205386$B205386$CSeMilBibl$Z2$F218752 $81 961 $aSottoscrizione: Pontificia Università Gregoriana 996 $6020$a978-88-7839-364-6$9(OLS)http://semarc/number/278700 996 $6245$a«Con la diestra en la espalda» :$bestudio sobre las imágenes de Dios y su actuar en Lamentaciones$9(OLS)http://semarc/title/411394 996 $6260$aRoma :$bGBP, Gregorian & Biblical Press$9(OLS)http://semarc/publisher/33573